000 02679cam a22003015a 4500
999 _c27266
_d27237
005 20190321103851.0
008 180209s2018 enkb frb 001 0 eng d
020 _a9781138056275
040 _aDGU/DLC
_beng
_cDGU
_dDLC
_dEG-ScBUE
043 _aaw-----
082 0 4 _a327.56
_bAKB
_222
100 1 _aAkbarzadeh, Shahram.
245 1 0 _aMiddle East politics and international relations :
_bcrisis zone /
_cShahram Akbarzadeh, Kylie Baxter.
250 _a1st. ed.
260 _aAbingdon ;
_aNew York :
_bRoutledge / Taylor & Francis,
_c2018.
300 _ax, 238 p. :
_bill. (maps) ;
_c24 cm.
504 _aIncludes bibliographical references (pages 222-231) and index.
505 _aIntroduction : the colonial background -- The formation of the state of Israel -- The Arab-Israeli wars -- Palestinian politics : the failure of the peace process -- Ideologies and supra state identities -- The Iranian revolution and pan-shi'ism -- Playground for the superpowers -- The US-led "war on terror" -- The Arab uprisings -- The Syrian war and the rise of the "Islamic state" -- Iran coming out of isolation.
520 _aThe Middle East has been defined by political crises for the last 100 years. In the political halls of power, the media, popular culture and the educational institutions of Western countries, the term the 'Middle East' conjures a confused imagery of religion, resources, foreign interference and politics that can be hard to untangle. This book provides a detailed contextualized exploration of the forces, internal and external, that have shaped today's Middle East. Each chapter acts as a stand-alone reading that includes history, context and contemporary implications in a chronological order. Topics explored include: - Imperialism in the Middle East - The formation of the state of Israel - The Arab-Israeli Wars - Palestinian Politics and the failure of the 'peace process' - The Iranian Revolution and pan-Shi'ism - Superpowers in the Middle East - The US-led 'War on Terror' - The Arab Uprisings - The Syrian War and the rise of the 'Islamic State' - US-Iran relations By rethinking the history of the region through the lens of recent developments, this book will be a core reference tool for students of Middle Eastern Politics and International Relations.
650 _2BUEsh
651 7 _aMiddle East
_xPolitics and government
_y20th century.
_2BUEsh
651 7 _aMiddle East
_xPolitics and government
_y21st century.
_2BUEsh
651 7 _aMiddle East
_xForeign relations
_y20th century.
_2BUEsh
_932074
651 7 _aMiddle East
_xForeign relations
_y21st century.
_2BUEsh
653 _bBUSBOL
_cMarch2019
700 1 _aBaxter, Kylie.
942 _2ddc